[Event "Llinars del Valles Tardor op 6th"]
[Site "Llinars del Valles"]
[Date "2014.11.21"]
[Round "7"]
[White "Las Heras Aixandri, Guillem"]
[Black "Chamorro Perea, Antoni"]
[Result "1/2-1/2"]
[WhiteElo "1958"]
[BlackElo "2036"]
[PlyCount "65"]
[EventDate "2014.10.03"]
[EventType "swiss"]
[EventRounds "8"]
[EventCountry "ESP"]
[SourceTitle "CBM 163 Extra"]
[Source "ChessBase"]
[SourceDate "2014.12.23"]
[SourceVersion "1"]
[SourceVersionDate "2014.12.23"]
[SourceQuality "1"]

1. Nf3 Nf6 2. g3 g6 3. b4 Bg7 4. Bb2 d6 5. c4 0-0 6. Bg2 Nbd7 7. 0-0 Rb8 8. e3 b6 9. Nd4 Bb7 10. Bxb7 Rxb7 11. Nc6 Qe8 12. Qf3 Qa8 13. Nxe7+ Kh8 14. d4 c5 15. b5 Re8 16. Nc6 Ne4 17. Nc3 Nd2 18. Qe2 Nxf1 19. Qxf1 Nf6 20. Qg2 Qc8 21. d5 Qf5 22. e4 Nxe4 23. Re1 Nf6 24. Rxe8+ Nxe8 25. Qf1 Nf6 26. Qe2 h5 27. f3 Kh7 28. Bc1 Ng8 29. Ne4 Qd7 30. Bf4 Bf8 31. Qb2 Bg7 32. Qg2 Bf8 33. Qb2 1/2-1/2

[Event "Barbera del Valles op 37th"]
[Site "Barbera del Valles"]
[Date "2014.07.07"]
[Round "4"]
[White "Saez Coma, Alejandro"]
[Black "Las Heras Aixandri, Guillem"]
[Result "1-0"]
[WhiteElo "2097"]
[BlackElo "1646"]
[PlyCount "91"]
[EventDate "2014.07.04"]
[EventType "swiss"]
[EventRounds "9"]
[EventCountry "ESP"]
[SourceTitle "CBM 161 Extra"]
[Source "ChessBase"]
[SourceDate "2014.08.29"]
[SourceVersion "1"]
[SourceVersionDate "2014.08.29"]
[SourceQuality "1"]

1. Nf3 d5 2. d4 e6 3. Bf4 Nf6 4. e3 Be7 5. Ne5 Nbd7 6. Nd2 Nxe5 7. Bxe5 c5 8. c3 0-0 9. Bd3 Nd7 10. Bg3 Qb6 11. Rb1 f5 12. f4 Nf6 13. Bh4 cxd4 14. exd4 Bd6 15. Bxf6 Rxf6 16. g3 Bd7 17. Qb3 Qc7 18. h4 Rg6 19. Nf1 Re8 20. h5 Rh6 21. Ne3 g6 22. Kd2 gxh5 23. Rbe1 Kh8 24. Qd1 Rg8 25. Rh3 h4 26. Reh1 Be8 27. Qe1 Bf7 28. Rxh4 Rxh4 29. Rxh4 Qa5 30. a3 Qb6 31. Kc1 Qc6 32. Kb1 Qd7 33. Qg1 Bg6 34. Qh2 Be7 35. Rh3 Bd6 36. Ng2 Qf7 37. Ne1 b5 38. Nf3 a6 39. Be2 Rg7 40. Ng5 Qe7 41. Bh5 Bxh5 42. Rxh5 Kg8 43. Rh6 e5 44. Re6 Qd7 45. dxe5 Rxg5 46. Rxd6 1-0

[Event "Barbera del Valles op 37th"]
[Site "Barbera del Valles"]
[Date "2014.07.05"]
[Round "2"]
[White "Las Heras Aixandri, Guillem"]
[Black "Jareno Badenas, Aleix"]
[Result "0-1"]
[WhiteElo "1646"]
[BlackElo "2064"]
[PlyCount "102"]
[EventDate "2014.07.04"]
[EventType "swiss"]
[EventRounds "9"]
[EventCountry "ESP"]
[SourceTitle "CBM 161 Extra"]
[Source "ChessBase"]
[SourceDate "2014.08.29"]
[SourceVersion "1"]
[SourceVersionDate "2014.08.29"]
[SourceQuality "1"]

1. Nf3 Nf6 2. g3 g6 3. b4 Bg7 4. Bb2 d6 5. c4 e5 6. Bg2 0-0 7. 0-0 c6 8. e3 Be6 9. d3 Nh5 10. Nbd2 f5 11. Rb1 Nd7 12. Nb3 h6 13. Nh4 Kh7 14. Qe2 Bf7 15. a4 f4 16. Be4 d5 17. Bf3 fxg3 18. hxg3 Nhf6 19. Bg2 dxc4 20. dxc4 Qe7 21. Bc3 Rfd8 22. Nf3 Ne8 23. Nfd2 Nb6 24. Nc5 Nd6 25. Rfd1 Ndxc4 26. Nxc4 Nxc4 27. Nb3 Rxd1+ 28. Rxd1 Rd8 29. Nd2 Nxd2 30. Rxd2 Bb3 31. a5 Rd6 32. Rxd6 Qxd6 33. Qd2 Qxd2 34. Bxd2 Bd5 35. Bh3 Kg8 36. Bc8 b6 37. axb6 axb6 38. Bb7 b5 39. Bc3 g5 40. Kf1 e4 41. Bxg7 Kxg7 42. Ke2 Kf6 43. Kd2 Ke5 44. Bc8 h5 45. Kc3 h4 46. Bh3 Be6 47. g4 Kd5 48. Kb3 c5 49. Kc3 Kc6 50. Bg2 Bd5 51. Bh1 h3 0-1

[Event "Barbera del Valles op 37th"]
[Site "Barbera del Valles"]
[Date "2014.07.04"]
[Round "1"]
[White "Las Heras Aixandri, Guillem"]
[Black "Dalo, Hermes"]
[Result "0-1"]
[WhiteElo "1646"]
[BlackElo "2226"]
[PlyCount "72"]
[EventDate "2014.07.04"]
[EventType "swiss"]
[EventRounds "9"]
[EventCountry "ESP"]
[SourceTitle "CBM 161 Extra"]
[Source "ChessBase"]
[SourceDate "2014.08.29"]
[SourceVersion "1"]
[SourceVersionDate "2014.08.29"]
[SourceQuality "1"]

1. Nf3 Nf6 2. g3 g6 3. b4 Bg7 4. Bb2 0-0 5. c4 d6 6. Bg2 e5 7. 0-0 Nbd7 8. Nc3 Re8 9. e3 Nf8 10. d3 h6 11. h3 Be6 12. Qe2 Qb8 13. Kh2 g5 14. g4 c6 15. Rac1 Qc7 16. Rfd1 Rac8 17. d4 exd4 18. Nxd4 Bd7 19. b5 Ng6 20. bxc6 bxc6 21. Qd2 Nh4 22. Bh1 h5 23. e4 Nh7 24. Nf5 Nxf5 25. exf5 Be5+ 26. Kg1 hxg4 27. c5 Bxf5 28. cxd6 Qd7 29. hxg4 Bxg4 30. Ne4 Bxd1 31. Nf6+ Bxf6 32. Bxf6 Qg4+ 33. Kh2 Nxf6 34. Rc4 Qh5+ 35. Kg2 Ng4 36. f3 Re2+ 0-1

[Event "Llinars del Valles op-B 8th"]
[Site "Llinars del Valles"]
[Date "2014.05.31"]
[Round "5"]
[White "Las Heras Aixandri, Guillem"]
[Black "Garcia Palomeras, Moises"]
[Result "1-0"]
[WhiteElo "1912"]
[BlackElo "1834"]
[PlyCount "59"]
[EventDate "2014.04.26"]
[EventType "swiss"]
[EventRounds "8"]
[EventCountry "ESP"]
[SourceTitle "EXT 2015"]
[Source "ChessBase"]
[SourceDate "2014.11.20"]
[SourceVersion "1"]
[SourceVersionDate "2014.11.20"]
[SourceQuality "1"]

1. Nf3 d5 2. g3 c5 3. Bg2 Nc6 4. c4 e6 5. b3 Nf6 6. 0-0 Be7 7. e3 dxc4 8. bxc4 0-0 9. Bb2 Qc7 10. Nc3 a6 11. Qe2 Rd8 12. Rfd1 Bd7 13. d4 cxd4 14. exd4 Be8 15. Rac1 Rd7 16. d5 exd5 17. cxd5 Na7 18. Ne5 Qd6 19. Nxd7 Bxd7 20. Ne4 Nxe4 21. Qxe4 Re8 22. Be5 Qh6 23. Bf4 Qf6 24. d6 Bxd6 25. Rxd6 Rxe4 26. Rxf6 Re8 27. Rb6 Be6 28. Rxb7 Nb5 29. Re1 Nd4 30. Rb8 1-0

[Event "Roncana op-A 7th"]
[Site "Santa Eulalia de Roncana"]
[Date "2013.11.16"]
[Round "6"]
[White "Las Heras Aixandri, Guillem"]
[Black "Amores Oliveros, Justo"]
[Result "0-1"]
[WhiteElo "1625"]
[BlackElo "1775"]
[PlyCount "42"]
[EventDate "2013.10.05"]
[EventType "swiss"]
[EventRounds "8"]
[EventCountry "ESP"]
[SourceTitle "CBM 157 Extra"]
[Source "ChessBase"]
[SourceDate "2013.12.19"]
[SourceVersion "1"]
[SourceVersionDate "2013.12.19"]
[SourceQuality "1"]

1. e4 d5 2. exd5 Qxd5 3. Nc3 Qa5 4. d4 Nf6 5. Nf3 Bg4 6. Bc4 Nc6 7. 0-0 0-0-0 8. Bd2 Nxd4 9. Nd5 Qc5 10. Nxf6 Bxf3 11. gxf3 Qxc4 12. Ne4 Qxc2 13. Qxc2 Nxc2 14. Rac1 Nd4 15. Kg2 f6 16. f4 e6 17. Be3 Be7 18. Rc4 e5 19. Rfc1 Rd7 20. fxe5 fxe5 21. f4 Ne2 0-1

[Event "Roncana op-B 6th"]
[Site "Santa Eulalia de Roncana"]
[Date "2012.11.17"]
[Round "6"]
[White "Alcaraz Aguilera, David"]
[Black "Las Heras Aixandri, Guillem"]
[Result "1-0"]
[WhiteElo "1664"]
[BlackElo "1567"]
[PlyCount "91"]
[EventDate "2012.10.06"]
[EventType "swiss"]
[EventRounds "8"]
[EventCountry "ESP"]
[SourceTitle "EXT 2024"]
[Source "ChessBase"]
[SourceDate "2023.10.10"]
[SourceVersion "1"]
[SourceVersionDate "2023.10.10"]
[SourceQuality "1"]

1. b3 e5 2. Bb2 Nc6 3. Nf3 d6 4. e3 Nf6 5. Bb5 Bd7 6. a3 a6 7. Bxc6 Bxc6 8. d4 e4 9. Nfd2 d5 10. c4 Be7 11. Nc3 0-0 12. cxd5 Nxd5 13. Ncxe4 f5 14. Nc3 Bh4 15. Nxd5 Bxd5 16. Nf3 f4 17. 0-0 Qe7 18. Nxh4 Qxh4 19. exf4 Rxf4 20. f3 Qg5 21. Bc1 h5 22. Bxf4 Qxf4 23. Qe2 Qxd4+ 24. Kh1 Bxb3 25. Rac1 b5 26. Qe7 Bc4 27. Rfe1 Qf4 28. Qe4 Qf8 29. Qc6 Rd8 30. Qxc7 Rd2 31. Re7 Kh8 32. Rce1 Rd8 33. Rxg7 Qxg7 34. Qxd8+ Bg8 35. Qh4 Bf7 36. Rc1 Qf8 37. Qd4+ Kg8 38. Qe3 Kh8 39. Qf4 Qg7 40. Qf5 Bg6 41. Qc8+ Kh7 42. Rc7 Bf7 43. Qf5+ Kh6 44. Rc6+ Bg6 45. Qf4+ Kh7 46. Rc7 1-0

[Event "Roncana op-B 6th"]
[Site "Santa Eulalia de Roncana"]
[Date "2012.10.27"]
[Round "3"]
[White "Jimenez Moreno, Carlos"]
[Black "Las Heras Aixandri, Guillem"]
[Result "0-1"]
[WhiteElo "1405"]
[BlackElo "1567"]
[PlyCount "90"]
[EventDate "2012.10.06"]
[EventType "swiss"]
[EventRounds "8"]
[EventCountry "ESP"]
[SourceTitle "EXT 2024"]
[Source "ChessBase"]
[SourceDate "2023.10.10"]
[SourceVersion "1"]
[SourceVersionDate "2023.10.10"]
[SourceQuality "1"]

1. c4 c5 2. Nc3 Nf6 3. g3 g6 4. Bg2 Bg7 5. e3 Nc6 6. Nge2 0-0 7. d4 cxd4 8. exd4 d6 9. 0-0 Bf5 10. Be3 Qc7 11. Nd5 Nxd5 12. Bxd5 Nb4 13. Qd2 Nxd5 14. cxd5 Rac8 15. Rac1 Qd7 16. Rxc8 Rxc8 17. Rc1 Rxc1+ 18. Qxc1 Qb5 19. Qc7 h5 20. Nf4 e5 21. dxe5 dxe5 22. Qd8+ Kh7 23. Ng2 Qxb2 24. Qa5 Bf8 25. Qd2 Qb1+ 26. Ne1 Bb4 27. Qc1 Bxe1 28. Qxb1 Bxb1 29. Bxa7 Bxa2 30. Kf1 Bc3 31. d6 Be6 32. Ke2 Bb4 33. Bb8 b5 34. Kd3 f5 35. f3 Kg7 36. h3 Kf7 37. Bc7 g5 38. Ke3 Bc5+ 39. Kd3 Bc4+ 40. Kd2 Ke6 41. d7 Kxd7 42. Bxe5 Ke6 43. f4 Bf2 44. g4 fxg4 45. hxg4 h4 0-1

[Event "Llinars del Valles op-B 6th"]
[Site "Llinars del Valles"]
[Date "2012.05.26"]
[Round "7"]
[White "Las Heras Aixandri, Guillem"]
[Black "Bertran Genis, Josep"]
[Result "1-0"]
[WhiteElo "1508"]
[BlackElo "1719"]
[PlyCount "63"]
[EventDate "2012.04.14"]
[EventType "swiss"]
[EventRounds "9"]
[EventCountry "ESP"]
[SourceTitle "EXT 2013"]
[Source "ChessBase"]
[SourceDate "2012.11.22"]
[SourceVersion "1"]
[SourceVersionDate "2012.11.22"]
[SourceQuality "1"]

1. e4 e6 2. d4 d5 3. Nd2 c5 4. exd5 exd5 5. Ngf3 Nf6 6. c4 Be7 7. dxc5 Nc6 8. cxd5 Qxd5 9. Bc4 Qxc5 10. 0-0 0-0 11. Re1 Ng4 12. Qe2 Bf6 13. h3 Nge5 14. Ne4 Nxf3+ 15. Qxf3 Qf5 16. Nxf6+ gxf6 17. Bd5 Ne5 18. Qxf5 Bxf5 19. Bh6 Rfd8 20. Rad1 Be6 21. Bxb7 Rab8 22. b3 Nd3 23. Re3 Rxb7 24. Rg3+ Kh8 25. Bg7+ Kg8 26. Bxf6+ Kf8 27. Bxd8 Rd7 28. Rdxd3 f5 29. Rxd7 Bxd7 30. Bf6 Kf7 31. Rg7+ Ke6 32. Re7+ 1-0

[Event "Barcelona Torxa op 4th"]
[Site "Barcelona"]
[Date "2011.09.05"]
[Round "3.8"]
[White "Romero Gamez, Francisco Javier"]
[Black "Las Heras Aixandri, Guillem"]
[Result "1-0"]
[WhiteElo "1806"]
[BlackElo "1877"]
[PlyCount "63"]
[EventDate "2011.09.01"]
[EventType "swiss"]
[EventRounds "7"]
[EventCountry "ESP"]
[SourceTitle "EXT 2024"]
[Source "ChessBase"]
[SourceDate "2023.10.10"]
[SourceVersion "1"]
[SourceVersionDate "2023.10.10"]
[SourceQuality "1"]

1. e4 c5 2. Nf3 e6 3. d3 Nf6 4. g3 g6 5. e5 Nd5 6. c4 Nb6 7. Bg5 Qc7 8. Bf6 Rg8 9. Nbd2 Nc6 10. Bg2 d6 11. exd6 Bxd6 12. 0-0 Nd7 13. Ne4 Be7 14. Bxe7 Nxe7 15. d4 f5 16. Neg5 Nf6 17. Re1 Qb6 18. dxc5 Qxc5 19. Nxe6 Bxe6 20. Rxe6 Kf7 21. Qe2 Ne4 22. Re5 Qc7 23. Rb5 Rge8 24. Ne5+ Kf6 25. Bxe4 fxe4 26. Qxe4 h5 27. Qf4+ Kg7 28. Qf7+ Kh6 29. Nxg6 Nd5 30. Qxd5 Kxg6 31. Qxh5+ Kf6 32. Qh6+ 1-0

[Event "Llinars del Valles op-B 5th"]
[Site "Llinars del Valles"]
[Date "2011.05.14"]
[Round "3"]
[White "Las Heras Aixandri, Guillem"]
[Black "Domenech Vila, Josep Maria"]
[Result "1-0"]
[WhiteElo "1410"]
[BlackElo "1680"]
[PlyCount "55"]
[EventDate "2011.04.30"]
[EventType "swiss"]
[EventRounds "7"]
[EventCountry "ESP"]
[SourceTitle "EXT 2012"]
[Source "ChessBase"]
[SourceDate "2011.11.24"]
[SourceVersion "1"]
[SourceVersionDate "2011.11.24"]
[SourceQuality "1"]

1. e4 c5 2. Nf3 d6 3. d4 cxd4 4. Nxd4 Nf6 5. Nc3 g6 6. Be3 Bg7 7. f3 Nc6 8. Qd2 0-0 9. Bc4 Bd7 10. Bh6 Bxh6 11. Qxh6 Nxd4 12. 0-0-0 Nc6 13. h4 Ne5 14. Bb3 b5 15. h5 Kh8 16. hxg6 fxg6 17. Nd5 Nh5 18. g4 Nf7 19. Qd2 Ng7 20. Qh2 h5 21. gxh5 Nxh5 22. Nf4 Ne5 23. Nxh5 Nxf3 24. Qg3 g5 25. Rdf1 g4 26. Nf6+ Kg7 27. Nxg4 Ng5 28. Ne5 1-0

[Event "Barcelona Torxa op 3rd"]
[Site "Barcelona"]
[Date "2010.09.06"]
[Round "7.5"]
[White "Las Heras Aixandri, Guillem"]
[Black "Collell Rodriguez, Victor"]
[Result "1-0"]
[WhiteElo "1793"]
[BlackElo "1877"]
[PlyCount "77"]
[EventDate "2010.08.30"]
[EventType "swiss"]
[EventRounds "7"]
[EventCountry "ESP"]
[SourceTitle "EXT 2024"]
[Source "ChessBase"]
[SourceDate "2023.10.10"]
[SourceVersion "1"]
[SourceVersionDate "2023.10.10"]
[SourceQuality "1"]

1. e4 e5 2. Nf3 Nc6 3. Bc4 Bc5 4. b4 Bxb4 5. c3 Ba5 6. d4 d6 7. dxe5 Qe7 8. 0-0 Nxe5 9. Nxe5 Qxe5 10. f4 Qc5+ 11. Qd4 Bb6 12. Bb2 Qxd4+ 13. cxd4 Ne7 14. Nd2 Nc6 15. Nf3 Bg4 16. Rad1 0-0 17. e5 Be6 18. Bxe6 fxe6 19. g3 a5 20. Kg2 Ne7 21. Ba3 Nf5 22. Rde1 Nxd4 23. Nxd4 Bxd4 24. exd6 cxd6 25. Bxd6 Rfe8 26. Re4 Bf6 27. Rfe1 Kf7 28. Rb1 Rad8 29. Rxb7+ Be7 30. Bc5 Kf6 31. f5 Bxc5 32. Rb5 Bb4 33. g4 e5 34. Kg3 Rd4 35. Re2 Rd2 36. Re4 Rxa2 37. Rb7 Rd8 38. Rb6+ Kg5 39. h4# 1-0